UBT Library

Harrison's manual of medicine / (Record no. 39743)

000 -LEADER
fixed length control field 01099cam a22003014a 4500
001 - CONTROL NUMBER
control field 12390058
005 - DATE AND TIME OF LATEST TRANSACTION
control field 20180104081129.0
008 - FIXED-LENGTH DATA ELEMENTS--GENERAL INFORMATION
fixed length control field 010425s2002 nyua bf 001 0 eng
010 ## - LIBRARY OF CONGRESS CONTROL NUMBER
LC control number 2001031711
020 ## - INTERNATIONAL STANDARD BOOK NUMBER
International Standard Book Number 0071386793 (electronic bk.)
020 ## - INTERNATIONAL STANDARD BOOK NUMBER
International Standard Book Number 0071373772
035 ## - SYSTEM CONTROL NUMBER
System control number (DNLM)101094526
040 ## - CATALOGING SOURCE
Original cataloging agency DNLM/DLC
Transcribing agency DLC
Modifying agency DLC
041 ## - LANGUAGE CODE
Language code of text/sound track or separate title eng
042 ## - AUTHENTICATION CODE
Authentication code pcc
060 10 - NATIONAL LIBRARY OF MEDICINE CALL NUMBER
Classification number 616
Item number H323 2002
080 ## - UNIVERSAL DECIMAL CLASSIFICATION NUMBER
Universal Decimal Classification number 616
082 00 - DEWEY DECIMAL CLASSIFICATION NUMBER
Classification number 616 BRA
Edition number 21
100 ## - Rafti
Rafti 4
101 ## - Shkurtesa
Shkurtesa SHM
245 00 - TITLE STATEMENT
Title Harrison's manual of medicine /
Statement of responsibility, etc editors, Eugene Braunwald ... [et al.].
246 30 - VARYING FORM OF TITLE
Title proper/short title Manual of medicine
504 ## - BIBLIOGRAPHY, ETC. NOTE
Bibliography, etc Includes bibliographical references and index.
530 ## - ADDITIONAL PHYSICAL FORM AVAILABLE NOTE
Additional physical form available note Also available as an electronic book via the World Wide Web to institutions affiliated with netLibrary, Inc.
906 ## - LOCAL DATA ELEMENT F, LDF (RLIN)
a 7
b cbc
c orignew
d 1
e ocip
f 20
g y-gencatlg
942 ## - ADDED ENTRY ELEMENTS (KOHA)
Source of classification or shelving scheme
Item type Books
Holdings
Withdrawn status Lost status Source of classification or shelving scheme Damaged status Not for loan Collection code Permanent location Current location Shelving location Date acquired Total Checkouts Full call number Barcode Date last seen Price effective from Koha item type
          Koleksioni i përgjithshem UBT - Lipjan UBT - Lipjan Koleksioni i përgjithshem 01/04/2018   616 BRA 002-2994313 01/04/2018 01/04/2018 Books
UBT Library © 2015-2024. All rights reserved University Education for Business and Technology